New profits from the monetary crisis / (Record no. 8923)
[ view plain ]
| 000 -LEADER | |
|---|---|
| fixed length control field | 00756pam a2200265 i 4500 |
| 001 - CONTROL NUMBER | |
| control field | 374951 |
| 003 - CONTROL NUMBER IDENTIFIER | |
| control field | SISC |
| 005 - DATE AND TIME OF LATEST TRANSACTION | |
| control field | 20160404152815.0 |
| 008 - FIXED-LENGTH DATA ELEMENTS--GENERAL INFORMATION | |
| fixed length control field | 780809s1978 nyua b 001 0 eng |
| 010 ## - LIBRARY OF CONGRESS CONTROL NUMBER | |
| LC control number | 78012778 |
| 020 ## - INTERNATIONAL STANDARD BOOK NUMBER | |
| International Standard Book Number | 044636021X |
| 040 ## - CATALOGING SOURCE | |
| Original cataloging agency | DLC |
| Transcribing agency | DLC |
| Modifying agency | DLC |
| 050 00 - LIBRARY OF CONGRESS CALL NUMBER | |
| Classification number | HG 4921 |
| Item number | .B76 1979 |
| 082 00 - DEWEY DECIMAL CLASSIFICATION NUMBER | |
| Classification number | HS 332.678 |
| Item number | .B82 1978 |
| 100 1# - MAIN ENTRY--PERSONAL NAME | |
| Personal name | Browne, Harry, |
| Dates associated with a name | 1933-2006. |
| 9 (RLIN) | 11834 |
| 245 10 - TITLE STATEMENT | |
| Title | New profits from the monetary crisis / |
| Statement of responsibility, etc | Harry Browne. |
| 260 ## - PUBLICATION, DISTRIBUTION, ETC. (IMPRINT) | |
| Place of publication, distribution, etc | U.S.A : |
| Name of publisher, distributor, etc | Warner Books, |
| Date of publication, distribution, etc | c1979. |
| 300 ## - PHYSICAL DESCRIPTION | |
| Extent | 542 p. : |
| Other physical details | ill. ; |
| Dimensions | 18 cm. |
| 500 ## - GENERAL NOTE | |
| General note | Includes index. |
| 650 #0 - SUBJECT ADDED ENTRY--TOPICAL TERM | |
| Topical term or geographic name as entry element | Investments. |
| 9 (RLIN) | 9769 |
| 650 #0 - SUBJECT ADDED ENTRY--TOPICAL TERM | |
| Topical term or geographic name as entry element | Currency question. |
| 9 (RLIN) | 11833 |
| 906 ## - LOCAL DATA ELEMENT F, LDF (RLIN) | |
| a | 7 |
| b | cbc |
| c | orignew |
| d | 1 |
| e | ocip |
| f | 19 |
| g | y-gencatlg |
| 942 ## - ADDED ENTRY ELEMENTS (KOHA) | |
| Source of classification or shelving scheme | Library of Congress Classification |
| Koha item type | Books |
| Withdrawn status | Lost status | Source of classification or shelving scheme | Damaged status | Home library | Current library | Shelving location | Date acquired | Total Checkouts | Full call number | Barcode | Date last seen | Copy number | Price effective from | Koha item type |
|---|---|---|---|---|---|---|---|---|---|---|---|---|---|---|
| Library of Congress Classification | Luxembourg Library | Luxembourg Library | High School Section | 08/17/2013 | HG 4921 .B76 1979 | 9850 | 04/04/2016 | 1 | 08/17/2013 | Books |